[Event "El Puerto St Maria op 17th"]
[Site "Cadiz"]
[Date "2002.07.30"]
[Round "2.28"]
[White "Cordon Gutierrez, Jose Miguel"]
[Black "Reina Barroso, Manuel"]
[Result "0-1"]
[WhiteElo "1700"]
[BlackElo "1700"]
[PlyCount "27"]
[EventDate "2002.07.29"]
[EventType "swiss"]
[EventRounds "7"]
[EventCountry "ESP"]
[SourceTitle "EXT 2004"]
[Source "ChessBase"]
[SourceDate "2003.11.25"]
[SourceVersion "1"]
[SourceVersionDate "2003.11.25"]
[SourceQuality "1"]

1. e4 c5 2. Nf3 d6 3. d4 cxd4 4. Nxd4 Nf6 5. Nc3 a6 6. Be2 g6 7. 0-0 Bg7 8. Be3 0-0 9. Qd3 Bg4 10. h3 Bxe2 11. Ncxe2 Nfd7 12. Bf4 e5 13. Bg5 exd4 14. f4 0-1